| 000 | 00407nam a2200157 a 4500 | ||
|---|---|---|---|
| 001 | 2436 | ||
| 003 | CDMR | ||
| 005 | 20130322103648.0 | ||
| 008 | 130130s1972||||||||||||||||||||||||||||d | ||
| 020 | _a8431701560 | ||
| 040 |
_aCDMR _bcat _cCDMR |
||
| 100 | 1 |
_aVidal Beneyto, José _9119 |
|
| 245 | 1 | 4 | _aLas ciencias de la comunicación en la universidad española |
| 260 |
_aBilbao _c1972 _bZero |
||
| 942 |
_cMON _2udc |
||
| 999 |
_c2436 _d2436 |
||